000 00917nam a2200289 i 4500
001 38255
003 CO-BoRNBP
005 20250812151658.0
007 ta
008 240731s2014 ck a|||| |||| 00| 0 spa d
020 _a9789583046698
040 _aCO-BoRNBP
_bspa
_cCO-BoRNBP
_erda
041 _aspa
084 _aC ESO1
100 _aEsopo
_d620-560 a. de C.
_eautor
_962012
245 _aMi gran libro de fábulas
_cIlustraciones, adaptación de textos y diseño: Miguel Ángel Carhuatocto
250 _aPrimera edición
264 1 _aBogotá, Colombia
_bPanamericana
_c2014
300 _a152 páginas
_bilustraciones a color
_c28 cm
336 _2rdacontenido
_atexto
_btxt
337 _2rdamedio
_asin mediación
_bn
338 _2rdasoporte
_avolumen
_bnc
650 1 7 _2LEMB
_aLiteratura infantil
_92746
650 1 7 _2LEMB
_aFábulas griegas
_941124
650 1 7 _2LEMB
_aFábulas infantiles
942 _2ddc
_cBKINF
999 _c38255
_d38255